000 00523nam a2200181Ia 4500
005 20250326141927.0
008 250326s9999 xx 000 0 und d
037 _aTextbook
040 _aFMSL
_beng
_cFMSL
041 _aeng
_2eng
084 _aX9Wa M7
_qFMSL
100 _aManuh G
_9745282
245 0 _aResources for the development of enterpreneurs
_cManuh G; Brown R
260 _aLondon
_bLondon, Commonwealth Secretariat
_c1987
300 _a121p
942 _cTB
_hX9Wa M7
999 _c1292644
_d1292644